F1 Circuits by Pictures - Statistics

General Stats
  • This quiz has been taken 102 times
  • The average score is 7 of 12
Answer Stats
Picture Answer % Correct
Baku
90%
Monza
80%
Yas Marina
79%
Monte Carlo
65%
Silverstone
65%
Interlagos
62%
Indianapolis
48%
Hockenheim
46%
Valencia
37%
Sepang
36%
Istanbul
23%
Buddh
20%
No matching quizzes found
Score Distribution
Percent of People with Each Score
Percentile by Number Answered
Your Score History
You have not taken this quiz